Judgments - Standard Commerical Property Securities Limited and others (Respondents) v. Glasgow City Council (Appellants) and others (Scotland) Standard Commerical Property Securities Limited and others (Respondents) v. Glasgow City Council and others (Appellants) (Scotland) Conjoined Appeals) (Record no. 78095)
[ view plain ]
| 000 -LEADER | |
|---|---|
| fixed length control field | 01767cab a2200205 4500 |
| 001 - CONTROL NUMBER | |
| control field | L136013 |
| 008 - FIXED-LENGTH DATA ELEMENTS--GENERAL INFORMATION | |
| fixed length control field | 070102n2006 000 0 eng u |
| 035 ## - SYSTEM CONTROL NUMBER | |
| System control number | (Sirsi) u136013 |
| 041 0# - LANGUAGE CODE | |
| Language code of text/sound track or separate title | eng |
| 245 00 - TITLE STATEMENT | |
| Title | Judgments - Standard Commerical Property Securities Limited and others (Respondents) v. Glasgow City Council (Appellants) and others (Scotland) Standard Commerical Property Securities Limited and others (Respondents) v. Glasgow City Council and others (Appellants) (Scotland) Conjoined Appeals) |
| 260 ## - PUBLICATION, DISTRIBUTION, ETC. | |
| -- | 2006 |
| 520 ## - SUMMARY, ETC. | |
| Summary, etc. | [2006] UKHL 50, 16 November 2006. Concerned the compulsory purchase of a plot of land in Glasgow city centre by Glasgow City Council who entered into an agreement with a developer whereby the site would be transferred to the developer in exchange for the latter's undertaking to redevelop the site and indemnify the authority for the money expended in assembling the site and making it available. "Held": it was decided that the Council had acted within its powers (as set out in Town and Country Planning (Scotland) Act 1997) because of the site's poor condition, the Council's inability to fund the redevelopment itself and the lack of any suggestions by potential developers that they would be willing to pay more for the right to acquire the site than the amount of the indemnity. |
| 590 ## - LOCAL NOTE (RLIN) | |
| Local note | KA |
| 650 24 - SUBJECT ADDED ENTRY--TOPICAL TERM | |
| Topical term or geographic name entry element | STANDARD COMMERCIAL PROPERTY SECURITIES V GLASGOW CITY COUNCIL |
| 650 24 - SUBJECT ADDED ENTRY--TOPICAL TERM | |
| Topical term or geographic name entry element | TOWN AND COUNTRY PLANNING (SCOTLAND) ACT 1997 |
| 651 #4 - SUBJECT ADDED ENTRY--GEOGRAPHIC NAME | |
| Geographic name | Scotland |
| Chronological subdivision | 1999- |
| 690 ## - LOCAL SUBJECT ADDED ENTRY--TOPICAL TERM (OCLC, RLIN) | |
| Topical term or geographic name as entry element | ENVIRONMENTAL AND LAND CONSULTANCY-PLANNING AND DEVELOPMENT |
| 856 40 - ELECTRONIC LOCATION AND ACCESS | |
| Uniform Resource Identifier | <a href="https://www.publications.parliament.uk/pa/ld200607/ldjudgmt/jd071116/stand-1.htm">https://www.publications.parliament.uk/pa/ld200607/ldjudgmt/jd071116/stand-1.htm</a> |
| Public note | View the judgment free of charge at www.publications.parliament.uk... |
| 942 ## - ADDED ENTRY ELEMENTS (KOHA) | |
| Suppress in OPAC | 0 |
| Withdrawn status | Lost status | Source of classification or shelving scheme | Damaged status | Not for loan | Home library | Current library | Shelving location | Date acquired | Total Checkouts | Full call number | Barcode | Date last seen | Copy number | Price effective from | Koha item type |
|---|---|---|---|---|---|---|---|---|---|---|---|---|---|---|---|
| Dewey Decimal Classification | Virtual | Virtual | Online | 02/01/2007 | ONLINE PUBLICATION | 136013-1001 | 06/08/2019 | 1 | 06/08/2019 | Law report |